| 000 | 00982nac a22003011i 4500 | ||
|---|---|---|---|
| 003 | EG-ScBUE | ||
| 005 | 20221220112114.0 | ||
| 008 | 221220s2006 enka f 001 0 eng d | ||
| 020 | _a1856694534 : | ||
| 020 | _a9781856694537 | ||
| 040 |
_aEG-ScBUE _beng _erda _cEG-ScBUE _dEG-ScBUE |
||
| 082 | 0 | 4 |
_a728.3709051 _bBEL _222 |
| 100 | 1 |
_aBell, Jonathan, _d1972- _eauthor. |
|
| 245 | 1 | 0 |
_a21st century house : _cJonathan Bell. |
| 246 | 3 | _aTwenty-first century house | |
| 264 | 1 |
_aLondon : _bLaurence King, _c2006. |
|
| 300 |
_a256 pages : _billustrations (chiefly color) ; _c22 cm |
||
| 336 |
_2rdacontent _atext _btxt |
||
| 337 |
_2rdamedia _aunmediated _bn |
||
| 338 |
_2rdacarrier _avolume _bn |
||
| 500 | _aIncludes index. | ||
| 650 | 7 |
_aArchitecture, Domestic. _2BUEsh |
|
| 650 | 7 |
_aArchitecture, Modern _y21st century. _2BUEsh |
|
| 650 | 7 |
_aArchitect-designed houses. _2BUEsh |
|
| 653 | _bENGARC | ||
| 655 | _vReading book | ||
| 942 |
_cBB _k728.3709051 BEL _2ddc |
||
| 999 |
_c10006 _d10006 |
||